000 00604cas a22002055a 4500
001 L117445
008 020411c1973 xxkmr p 0 a0eng u
022 0 _a0309-7676
035 _a(Sirsi) u117445
041 0 _aeng
110 2 _aInternational Bar Association
_92593
245 _aInternational Business Lawyer
260 _aLondon
_bInternational Bar Association
_c1973-
362 _a30(2) February 2002-32(6) December 2004
520 _aKept for five years
554 _a11 per year
651 4 _aInternational
690 _aMANAGEMENT-BUSINESS MANAGEMENT-PROFESSIONAL PRACTICE
942 _n0
999 _c118749
_d118749